• 首页
  • 本馆介绍
  • 公告通知
  • 最新文献
  • 馆藏检索
  • 电子资源
  • 读者导购
  • 参考咨询
  • 我的图书馆
  • 登录
  • 详细信息显示
  • 放入我的书架
  • 预约/预借图书
  • 作者相关作品
  • 分类相关作品
  • 丛书相关作品
  • 出版社相关作品

书目信息

  • 表格格式
  • 工作单格式
  • 卡片格式
题名:
英语新习语汇编
    
 
作者: 冯翠华 编 ;吴长镛 注释
分册:  
出版信息: 北京   外语教学与研究出版社  1982
页数: 635页
开本: 19cm
丛书名:
单 册:
中图分类: H313-62
科图分类:
主题词: 英语-语义 , 英语 , 语义-英语
电子资源:
ISBN:
000 00726nam0 2200265 45
001 0182002002
005 20060819091341.32
010    @dCNY2.40
091    @a9215.150
100    @a19950612d1982 em y0chiy0121 ea
101 0  @achi
102    @aCN@b110000
105    @ay z 000yy
200 10 @a英语新习语汇编@Aying yu xin xi yu hui bian@f冯翠华编@g吴长镛注释
210    @a北京@c外语教学与研究出版社@d1982
215    @a635页@d19cm
606    @a英语-语义
606 0  @a英语
606    @a语义-英语
690    @aH313-62
701  0 @a冯翠华@Afeng cui hua@4编
702  0 @a吴长镛@Awu chang yong@4注释
801  2 @aCN@bNLC@c20060819
801  0 @aCN@b上海图书馆@c20060811
905    @f1@b96474@dH313-62@e27@b109601-602@f2
    
    英语新习语汇编/冯翠华编/吴长镛注释.-北京:外语教学与研究出版社,1982
    635页;19cm
    
    
    ISBN :CNY2.40
    
●
相关链接 在E读中查询图书 在五车中查询图书 在当当中查询图书 在豆瓣中查询图书


正题名:英语新习语汇编     索取号:H313-62/27         预约/预借

序号 登录号 条形码 馆藏地/架位号 状态 备注
1 0096474   001385003   第四借阅区/ [索取号:H313-62/27] 在馆    
2 0096475   001385049   第二样本阅览室/ [索取号:H313-62/27] 在馆    
3 0109601   001385030   第四借阅区/ [索取号:H313-62/27] 在馆    
4 0109602   001384996   第四借阅区/ [索取号:H313-62/27] 在馆    
5 0117899   001380455   第四借阅区/ [索取号:H313-62/27] 在馆    
6 0117900   001379966   第四借阅区/ [索取号:H313-62/27] 在馆    
7 0117901   001380008   第四借阅区/ [索取号:H313-62/27] 在馆    
8 0117902   001380464   密集书库/ [索取号:H313-62/27] 在馆    
9 0117903   001379993   密集书库/ [索取号:H313-62/27] 在馆    
10 0455497   204554972   密集书库/ [索取号:H313-62/27] 在馆    
11 0455528   204555285   密集书库/ [索取号:H313-62/27] 在馆    
12 0466806   204668065   密集书库/ [索取号:H313-62/27] 在馆    
唐山师范学院图书馆 欢迎您!
大连网信软件有限公司© 版权所有